000 00308nam a2200121 a 4500
008 101025s1978|||| d
100 1 _aBilyk Myrnyj-Ivan, Panas
245 1 0 _aPremrhaná sila
260 _bVýchodoslovenské vydavateľstvo
_aKošice
_c1978
020 _c22
041 _aslo
044 _axo
_cSK
999 _c12206
_d12206